Statistics for NFL Super Bowl Host Cities

Click here to take the quiz!

General Stats

  • This quiz has been taken 1,365 times
  • The average score is 11 of 15

Answer Stats

Times HostedCity% Correct
7Los Angeles Metropolitan Area
93%
10Miami Area
92%
1Dallas-Fort Worth Metroplex
87%
1New York Metropolitan Area
86%
4Tampa Bay Area
84%
3Houston
83%
10New Orleans
83%
2Atlanta
76%
2San Francisco Bay Area
74%
3Phoenix Area
68%
1Jacksonville
65%
2Metro Detroit
65%
3San Diego
63%
1Minneapolis-Saint Paul
62%
1Indianapolis
57%

Score Distribution

Percentile by Number Answered

Percent of People with Each Score

Your Score History

You have not taken this quiz